[Event "DEM U14 2016"]
[Site "Willingen GER"]
[Date "2016.05.16"]
[Round "3"]
[White "Schmider, Niklas"]
[Black "Engel, Luis"]
[Result "1/2-1/2"]
[Termination "normal"]
[Board "1"]
[WhiteElo "2023"]
[BlackElo "2223"]
[WhiteClock "00:15:07"]
[BlackClock "00:03:59"]
[PlyCount "92"]
[WhiteFideId "12993778"]
[BlackFideId "12961523"]
[EventCountry "GER"]
[EventRounds "9"]
[EventType "swiss"]
[EventDate "2016.05.14"]

1. e4 c5 2. Nc3 a6 3. g3 b5 4. Bg2 Bb7 5. Nh3 e6 6. O-O d6 7. d3 Nf6 8. f4 Qc7
9. g4 b4 10. Na4 Bc6 11. b3 Bxa4 12. bxa4 Nc6 13. g5 Nd7 14. f5 e5 15. a3 Nd4
16. Rf2 a5 17. Be3 Nb6 18. axb4 axb4 19. a5 Nd7 20. a6 Qb6 21. g6 Be7 22. gxf7+
Kf8 23. Ng5 Bxg5 24. Bxg5 h6 25. Qh5 Nf6 26. Bxf6 gxf6 27. Qg6 Ke7 28. Bf3
Nxf3+ 29. Rxf3 c4+ 30. Kh1 b3 31. cxb3 cxb3 32. Qg1 Rhb8 33. Qg7 Rf8 34. Qg1
Qxg1+ 35. Kxg1 Rfb8 36. Rf2 b2 37. Rb1 Rxa6 38. Rfxb2 Rxb2 39. Rxb2 Ra3 40. Rd2
Kxf7 41. Kf2 d5 42. exd5 Ra5 43. Ke3 Rxd5 44. d4 exd4+ 45. Ke4 Re5+ 46. Kf4 Rd5
1/2-1/2

[Event "DEM U14 2016"]
[Site "Willingen GER"]
[Date "2016.05.16"]
[Round "3"]
[White "Baltic, Fatih"]
[Black "Roseneck, Jonas"]
[Result "0-1"]
[Termination "normal"]
[Board "2"]
[WhiteElo "2163"]
[BlackElo "2011"]
[WhiteClock "00:31:13"]
[BlackClock "00:06:59"]
[PlyCount "82"]
[WhiteFideId "12979090"]
[BlackFideId "12939870"]
[EventCountry "GER"]
[EventRounds "9"]
[EventType "swiss"]
[EventDate "2016.05.14"]

1. e4 c5 2. Nf3 d6 3. d4 cxd4 4. Nxd4 Nf6 5. Nc3 a6 6. Bg5 e6 7. f4 Be7 8. Qf3
h6 9. Bh4 Qc7 10. O-O-O Nbd7 11. Be2 O-O 12. g4 b5 13. g5 hxg5 14. fxg5 Ne5 15.
Qh3 Nh7 16. Nf3 Ng6 17. Bd3 b4 18. Ne2 e5 19. Qg3 Be6 20. Kb1 a5 21. Qe1 Rfb8
22. Bf2 Nxg5 23. Nxg5 Bxg5 24. Rg1 Bf6 25. h4 a4 26. h5 Nf4 27. Bh4 Qe7 28. Qg3
Nxh5 29. Bxf6 Qxf6 30. Qh2 Nf4 31. Rdf1 g6 32. Nxf4 exf4 33. Rxf4 Qe5 34. Qh6
Qg7 35. Qg5 a3 36. Rf6 Ra5 37. Qf4 Re5 38. Rg5 Bf5 39. Rxd6 Rxe4 40. Qc1 Re1
41. Bxf5 Qxb2# 0-1

[Event "DEM U14 2016"]
[Site "Willingen GER"]
[Date "2016.05.16"]
[Round "3"]
[White "Mantel, Ruben"]
[Black "Mätzkow, Maximilian Paul"]
[Result "1-0"]
[Termination "normal"]
[Board "3"]
[WhiteElo "1925"]
[BlackElo "2161"]
[WhiteClock "00:20:45"]
[BlackClock "00:04:46"]
[PlyCount "57"]
[WhiteFideId "12930121"]
[BlackFideId "24679933"]
[EventCountry "GER"]
[EventRounds "9"]
[EventType "swiss"]
[EventDate "2016.05.14"]

1. e4 c5 2. Nc3 Nc6 3. d3 g6 4. Be3 d6 5. d4 cxd4 6. Bxd4 Nxd4 7. Qxd4 Nf6 8.
e5 dxe5 9. Bb5+ Bd7 10. Qxe5 Bg7 11. O-O-O O-O 12. Bxd7 Nxd7 13. Qb5 Bxc3 14.
bxc3 Qb6 15. Qxd7 Rad8 16. Qg4 Qa5 17. Ne2 Qxa2 18. Qb4 Qa1+ 19. Qb1 Qa5 20. h4
Qe5 21. Nd4 Qf4+ 22. Kb2 Rd6 23. Qc1 Rb6+ 24. Nb3 Qf6 25. Qg5 Qg7 26. h5 Rc8
27. Rd3 a5 28. Rhd1 Rd6 29. Qxe7 1-0

[Event "DEM U14 2016"]
[Site "Willingen GER"]
[Date "2016.05.16"]
[Round "3"]
[White "Zimmer, Raphael"]
[Black "Wierzbicki, Jirawat"]
[Result "1-0"]
[Termination "normal"]
[Board "4"]
[WhiteElo "2091"]
[BlackElo "2071"]
[WhiteClock "00:11:15"]
[BlackClock "00:06:04"]
[PlyCount "119"]
[WhiteFideId "12978841"]
[BlackFideId "1153579"]
[EventCountry "GER"]
[EventRounds "9"]
[EventType "swiss"]
[EventDate "2016.05.14"]

1. e4 e5 2. Nf3 Nc6 3. d4 exd4 4. Bc4 Nf6 5. O-O Nxe4 6. Re1 d5 7. Bxd5 Qxd5 8.
Nc3 Qh5 9. Nxe4 Be6 10. Bg5 Bd6 11. Nxd6+ cxd6 12. Bf4 Qd5 13. c3 Rc8 14. b3
O-O 15. Nxd4 Nxd4 16. Qxd4 Qxd4 17. cxd4 Rc6 18. Rac1 Ra6 19. Rc7 Bd5 20. Re2
h6 21. f3 Rd8 22. Kf2 Kf8 23. Rd2 Ke8 24. Re2+ Kf8 25. h4 Re8 26. Rd2 Re7 27.
Rc8+ Re8 28. Rc3 Re6 29. a4 Rb6 30. Rb2 Rb4 31. Rd3 Bc4 32. Rc3 d5 33. Rbc2
Rxb3 34. Rxb3 Bxb3 35. Rc8+ Ke7 36. Rc7+ Ke8 37. Rxb7 Bxa4 38. Rxa7 Bb5 39.
Ra8+ Ke7 40. Rg8 Re2+ 41. Kg1 g6 42. Bxh6 Re1+ 43. Kh2 Rd1 44. Bg5+ Ke6 45. Rb8
Bc4 46. Rb6+ Kd7 47. Rb7+ Ke8 48. Re7+ Kf8 49. Bf6 Rd2 50. Rd7 Re2 51. Kh3 Re6
52. Bg5 Kg7 53. g4 Re1 54. Rd8 Rd1 55. Bf4 f6 56. Rd7+ Kg8 57. Bh6 Re1 58. Rg7+
Kh8 59. Rxg6 Re6 60. Bg5 1-0

[Event "DEM U14 2016"]
[Site "Willingen GER"]
[Date "2016.05.16"]
[Round "3"]
[White "Hoffmann, Lennard"]
[Black "Färber, David"]
[Result "0-1"]
[Termination "normal"]
[Board "5"]
[WhiteElo "1867"]
[BlackElo "2117"]
[WhiteClock "00:09:38"]
[BlackClock "00:03:54"]
[PlyCount "78"]
[WhiteFideId "12943495"]
[BlackFideId "12971294"]
[EventCountry "GER"]
[EventRounds "9"]
[EventType "swiss"]
[EventDate "2016.05.14"]

1. e4 c5 2. Nf3 Nc6 3. d4 cxd4 4. Nxd4 e5 5. Nb5 d6 6. N1c3 a6 7. Na3 b5 8. Nd5
Nce7 9. c4 Nxd5 10. exd5 bxc4 11. Nxc4 Be7 12. Bd3 Nf6 13. Bc2 O-O 14. O-O Bb7
15. Ne3 Rc8 16. b4 Nxd5 17. Nxd5 Bxd5 18. Bxh7+ Kxh7 19. Qxd5 Qb6 20. Rb1 Qb5
21. Rd1 Qxd5 22. Rxd5 Kg6 23. a4 Kf5 24. Be3 Ke6 25. Ra5 Ra8 26. b5 axb5 27.
Rbxb5 Rfb8 28. Kf1 f5 29. f4 Rxa5 30. Rxa5 Rb1+ 31. Kf2 Rb2+ 32. Kf3 e4+ 33.
Kg3 Bf6 34. Rb5 Rxb5 35. axb5 d5 36. Ba7 Kd7 37. Bb8 d4 38. Be5 Bh4+ 39. Kxh4
d3 0-1

[Event "DEM U14 2016"]
[Site "Willingen GER"]
[Date "2016.05.16"]
[Round "3"]
[White "Suvorov, Luca"]
[Black "Pajeken, Jakob Leon"]
[Result "1/2-1/2"]
[Termination "normal"]
[Board "6"]
[WhiteElo "1995"]
[BlackElo "2066"]
[WhiteClock "00:01:23"]
[BlackClock "00:37:04"]
[PlyCount "79"]
[WhiteFideId "12977071"]
[BlackFideId "12942839"]
[EventCountry "GER"]
[EventRounds "9"]
[EventType "swiss"]
[EventDate "2016.05.14"]

1. d4 d5 2. c4 dxc4 3. Nf3 Nf6 4. e3 e6 5. Bxc4 c5 6. O-O a6 7. a4 Nc6 8. Qe2
Qc7 9. Rd1 Be7 10. dxc5 Bxc5 11. b3 b6 12. Bb2 Bb7 13. Nbd2 O-O 14. Rac1 Rfd8
15. Bd3 Nb4 16. Bb1 Qe7 17. Ng5 h6 18. Nge4 Nxe4 19. Nxe4 Bd5 20. Nxc5 bxc5 21.
Rc3 Rac8 22. Rdc1 e5 23. Ba3 Qe6 24. Rxc5 Rxc5 25. Rxc5 Bxb3 26. Rc1 a5 27. Qb5
Qc6 28. Rxc6 Rd1+ 29. Qf1 Rxf1+ 30. Kxf1 Nxc6 31. Ke2 Bxa4 32. Bd3 Bb3 33. Bb5
Nb4 34. Bxb4 axb4 35. Kd3 Kf8 36. Bc4 Ba4 37. Bd5 Bb5+ 38. Bc4 Bc6 39. g3 Ke7
40. Bb3 1/2-1/2

[Event "DEM U14 2016"]
[Site "Willingen GER"]
[Date "2016.05.16"]
[Round "3"]
[White "Stelmaszyk, Nico"]
[Black "Tong, Kevin"]
[Result "0-1"]
[Termination "normal"]
[Board "7"]
[WhiteElo "1778"]
[BlackElo "2037"]
[WhiteClock "00:03:06"]
[BlackClock "00:06:15"]
[PlyCount "80"]
[WhiteFideId "16200462"]
[BlackFideId "12913944"]
[EventCountry "GER"]
[EventRounds "9"]
[EventType "swiss"]
[EventDate "2016.05.14"]

1. e4 e5 2. Nf3 Nc6 3. Bc4 Nf6 4. d3 Be7 5. Nc3 O-O 6. Be3 d6 7. h3 Be6 8. Bb3
Qd7 9. O-O Rfe8 10. Re1 d5 11. exd5 Nxd5 12. Nxd5 Bxd5 13. Bxd5 Qxd5 14. d4 e4
15. Nd2 Bd6 16. f3 f5 17. c3 b5 18. fxe4 fxe4 19. Qg4 Re6 20. Rf1 g6 21. b3 Na5
22. Rac1 Ree8 23. Rce1 Re6 24. Bf4 Rae8 25. Bxd6 cxd6 26. Rf4 e3 27. Nf1 Qc6
28. Re2 Qxc3 29. d5 R6e7 30. Rf3 Qd3 31. Re1 Qxd5 32. Rfxe3 Re5 33. Kh1 Nc6 34.
Qd7 Rf8 35. Rxe5 Nxe5 36. Qxa7 Nd3 37. Rd1 Nf2+ 38. Qxf2 Qxd1 39. Qe3 Qxf1+ 40.
Kh2 Qf4+ 0-1

[Event "DEM U14 2016"]
[Site "Willingen GER"]
[Date "2016.05.16"]
[Round "3"]
[White "Stork, Oliver"]
[Black "Rockmann, Jan-Okke"]
[Result "1/2-1/2"]
[Termination "normal"]
[Board "8"]
[WhiteElo "1952"]
[BlackElo "1885"]
[WhiteClock "00:21:38"]
[BlackClock "01:26:26"]
[PlyCount "104"]
[WhiteFideId "12955728"]
[BlackFideId "12942111"]
[EventCountry "GER"]
[EventRounds "9"]
[EventType "swiss"]
[EventDate "2016.05.14"]

1. c4 e5 2. g3 Nc6 3. Bg2 g6 4. Nc3 Bg7 5. d3 d6 6. e4 f5 7. Nge2 Nf6 8. O-O
O-O 9. f4 h5 10. Nd5 h4 11. fxe5 Nxd5 12. exd5 Nxe5 13. Nf4 hxg3 14. hxg3 Ng4
15. Nh3 Qf6 16. Rb1 Bd7 17. b3 Qd4+ 18. Kh1 Ne3 19. Bxe3 Qxe3 20. Qf3 Rae8 21.
Nf4 Bd4 22. Qxe3 Rxe3 23. Rf3 Rf7 24. Nxg6 Rh7+ 25. Nh4 Rxf3 26. Bxf3 f4 27.
Be4 Rh6 28. Kg2 fxg3 29. Rh1 Be5 30. Bf5 Rxh4 31. Bxd7 Rh2+ 32. Rxh2 gxh2 33.
Bc8 b6 34. Bf5 Kg7 35. Be4 Kf6 36. Kf2 Bf4 37. d4 a5 38. Kg2 Be3 39. Kxh2 Bxd4
40. Kg2 Ke5 41. Kf3 Bc5 42. Bg6 Kd4 43. Ke2 Kc3 44. Be8 Kb2 45. Kd3 Kxa2 46.
Kc2 Bb4 47. Ba4 Bc5 48. Be8 Bd4 49. Ba4 Ka3 50. Bb5 Kb4 51. Ba4 Be5 52. Bc6 Bd4
1/2-1/2

[Event "DEM U14 2016"]
[Site "Willingen GER"]
[Date "2016.05.16"]
[Round "3"]
[White "Recktenwald, Cedric"]
[Black "Kopylov, Daniel"]
[Result "1/2-1/2"]
[Termination "normal"]
[Board "10"]
[WhiteElo "1563"]
[BlackElo "2098"]
[WhiteClock "00:09:38"]
[BlackClock "00:04:49"]
[PlyCount "116"]
[WhiteFideId "12971928"]
[BlackFideId "12921971"]
[EventCountry "GER"]
[EventRounds "9"]
[EventType "swiss"]
[EventDate "2016.05.14"]

1. e4 c5 2. Nf3 Nc6 3. Bb5 g6 4. c3 Nf6 5. e5 Nd5 6. O-O Bg7 7. d4 cxd4 8. cxd4
O-O 9. Re1 Nc7 10. Nc3 Nxb5 11. Nxb5 a6 12. Nc3 d6 13. h3 dxe5 14. dxe5 Qxd1
15. Nxd1 Rd8 16. a3 Nxe5 17. Nxe5 Bxe5 18. Bg5 f6 19. Be3 Kf7 20. f4 Bd6 21.
Bb6 Re8 22. Nc3 Bxf4 23. Nd5 Bd6 24. Rac1 Bg3 25. Re3 Bd6 26. Nc7 Bxc7 27. Rxc7
Be6 28. Rxb7 Rac8 29. Ba5 Rc1+ 30. Kh2 Rc2 31. Rc3 Rxg2+ 32. Kxg2 Bd5+ 33. Kg3
Bxb7 34. Rc7 Bd5 35. b4 Be6 36. Bb6 Rc8 37. Ra7 Rc3+ 38. Kf2 Bc4 39. Bd8 Rc2+
40. Kf3 Rc3+ 41. Kf2 Rxa3 42. Rxe7+ Kg8 43. Rc7 Bd5 44. h4 Rf3+ 45. Kg2 Re3+
46. Kh2 Re6 47. Kg3 f5 48. Bg5 Bc6 49. Bh6 Be8 50. Rg7+ Kh8 51. Rc7 Re4 52. Rb7
Rg4+ 53. Kh3 Re4 54. Kg3 Re6 55. Kf4 Kg8 56. Rg7+ Kh8 57. Rb7 Kg8 58. Rg7+ Kh8
1/2-1/2

[Event "DEM U14 2016"]
[Site "Willingen GER"]
[Date "2016.05.16"]
[Round "3"]
[White "Holinka, Henning"]
[Black "Roho, Kevin"]
[Result "1-0"]
[Termination "normal"]
[Board "11"]
[WhiteElo "2011"]
[BlackElo "1859"]
[WhiteClock "00:05:41"]
[BlackClock "00:04:11"]
[PlyCount "79"]
[WhiteFideId "12967084"]
[BlackFideId "12973734"]
[EventCountry "GER"]
[EventRounds "9"]
[EventType "swiss"]
[EventDate "2016.05.14"]

1. e4 e6 2. d4 d5 3. Nc3 Bb4 4. e5 c5 5. a3 Bxc3+ 6. bxc3 Ne7 7. h4 Qa5 8. Bd2
c4 9. h5 h6 10. Qg4 Nf5 11. Qf4 Nc6 12. Nf3 Bd7 13. g4 Nfe7 14. g5 hxg5 15.
Qxg5 Nf5 16. Nh4 Nce7 17. Nxf5 Nxf5 18. Bh3 Qd8 19. Qg2 Rh7 20. Bxf5 exf5 21.
h6 g6 22. Qxd5 Bc6 23. Qxd8+ Rxd8 24. Rh3 Kd7 25. Bg5 Re8 26. a4 a6 27. Bf6 Ke6
28. Bg7 Kd5 29. Ke2 b5 30. axb5 Bxb5 31. Kf3 Re6 32. Kf4 Rb6 33. Rhh1 Re6 34.
Rhb1 Re8 35. f3 Rd8 36. Kg5 Ke6 37. Rxa6+ Bxa6 38. Rb6+ Ke7 39. Bf6+ Ke8 40.
Bxd8 1-0

[Event "DEM U14 2016"]
[Site "Willingen GER"]
[Date "2016.05.16"]
[Round "3"]
[White "Pfreundt, Mathis"]
[Black "Bui, Hai Lam"]
[Result "1-0"]
[Termination "normal"]
[Board "12"]
[WhiteElo "1851"]
[BlackElo "2025"]
[WhiteClock "00:24:04"]
[BlackClock "00:23:40"]
[PlyCount "111"]
[WhiteFideId "12967092"]
[BlackFideId "12975737"]
[EventCountry "GER"]
[EventRounds "9"]
[EventType "swiss"]
[EventDate "2016.05.14"]

1. e4 c5 2. Nf3 d6 3. d4 cxd4 4. Nxd4 Nf6 5. Nc3 a6 6. Be3 e6 7. f3 b5 8. Qd2
Nbd7 9. g4 Nb6 10. h4 Bb7 11. g5 Nfd7 12. Qf2 b4 13. Nce2 Rc8 14. Ng3 Qc7 15.
Bd3 Na4 16. O-O Nxb2 17. Rab1 Nc4 18. Kg2 d5 19. exd5 Bxd5 20. Bxc4 Qxc4 21.
Rbd1 Ne5 22. Rfe1 Ng4 23. Qd2 Nxe3+ 24. Qxe3 Bc5 25. Qe5 Kf8 26. Ndf5 Rg8 27.
Re2 Qc3 28. Rxd5 exd5 29. Qxd5 f6 30. Nd6 Bxd6 31. Qxd6+ Kf7 32. Re7+ Kg6 33.
h5+ Kxg5 34. Ne4+ Kxh5 35. Qh2+ Kg6 36. Qg3+ Kh6 37. Qh4+ Kg6 38. Qg4+ Kh6 39.
Qf4+ Kg6 40. Nxc3 Rxc3 41. Qg4+ Kh6 42. Kg3 Rc5 43. f4 Rc3+ 44. Kf2 Rxc2+ 45.
Ke1 Rxa2 46. Qh4+ Kg6 47. f5+ Kxf5 48. Qxh7+ g6 49. Qxg8 Ra5 50. Qe6+ Kg5 51.
Qe3+ Kf5 52. Qh3+ Kg5 53. Re4 Ra1+ 54. Kd2 Ra2+ 55. Kc1 Ra3 56. Qh4+ 1-0

[Event "DEM U14 2016"]
[Site "Willingen GER"]
[Date "2016.05.16"]
[Round "3"]
[White "Oganessjan, Artur"]
[Black "Bajorski, Marius"]
[Result "1-0"]
[Termination "normal"]
[Board "13"]
[WhiteElo "1990"]
[BlackElo "1793"]
[WhiteClock "00:27:46"]
[BlackClock "00:06:30"]
[PlyCount "81"]
[WhiteFideId "12986062"]
[BlackFideId "12938831"]
[EventCountry "GER"]
[EventRounds "9"]
[EventType "swiss"]
[EventDate "2016.05.14"]

1. Nf3 c5 2. e4 e6 3. d4 cxd4 4. Nxd4 a6 5. c4 Nf6 6. Nc3 Qc7 7. Bd3 d6 8. O-O
Nbd7 9. Be3 b6 10. f3 Be7 11. Qd2 Bb7 12. b3 O-O 13. Rac1 Rac8 14. Rfd1 Qb8 15.
Be2 Rfe8 16. Nc2 Rcd8 17. Qe1 Ba8 18. Kh1 Nf8 19. Qf2 N8d7 20. Rd2 Rc8 21. a4
Nc5 22. Rb1 Bxe4 23. fxe4 Nfxe4 24. Nxe4 Nxe4 25. Qe1 Nxd2 26. Qxd2 Bd8 27. Rf1
Qc7 28. Nd4 Bf6 29. Bd3 Bxd4 30. Bxd4 e5 31. Be3 f6 32. Be4 Rb8 33. Qf2 b5 34.
Qf5 g6 35. Bd5+ Kh8 36. Qxf6+ Qg7 37. Qxg7+ Kxg7 38. Rf7+ Kg8 39. Bh6 Kh8 40.
Bg7+ Kg8 41. Re7# 1-0

[Event "DEM U14 2016"]
[Site "Willingen GER"]
[Date "2016.05.16"]
[Round "3"]
[White "von Estorff, Jacob"]
[Black "Biermann, Florian"]
[Result "1-0"]
[Termination "normal"]
[Board "14"]
[WhiteElo "1876"]
[BlackElo "1964"]
[WhiteClock "00:08:03"]
[BlackClock "00:01:47"]
[PlyCount "87"]
[WhiteFideId "12974501"]
[BlackFideId "12970069"]
[EventCountry "GER"]
[EventRounds "9"]
[EventType "swiss"]
[EventDate "2016.05.14"]

1. e4 c5 2. Nf3 e6 3. d4 cxd4 4. Nxd4 a6 5. Bd3 Qc7 6. O-O Nf6 7. Qe2 d6 8. f4
Nbd7 9. Nd2 b5 10. c4 Qb6 11. N2f3 e5 12. Be3 exd4 13. Bxd4 Nc5 14. e5 dxe5 15.
fxe5 Ng4 16. cxb5 a5 17. Rac1 Be6 18. Ng5 Nh6 19. Nxe6 fxe6 20. Rxf8+ Rxf8 21.
Bxc5 Qb7 22. Bxf8 Kxf8 23. Be4 Qb6+ 24. Qf2+ Qxf2+ 25. Kxf2 Rb8 26. a4 Ng4+ 27.
Kg3 Nxe5 28. Bxh7 Ke7 29. Rc7+ Kf6 30. Be4 Rb6 31. Bc6 Nc4 32. b3 Nd2 33. Rb7
Rxb7 34. Bxb7 Nxb3 35. b6 Ke5 36. Bc6 Nc5 37. b7 Na6 38. Bb5 Nb8 39. Kf3 Kd6
40. Ke4 Kc7 41. Ke5 Kxb7 42. Kxe6 Nc6 43. Bxc6+ Kxc6 44. h4 1-0

[Event "DEM U14 2016"]
[Site "Willingen GER"]
[Date "2016.05.16"]
[Round "3"]
[White "Brunner, Jan"]
[Black "Lindow, Max"]
[Result "1/2-1/2"]
[Termination "normal"]
[Board "15"]
[WhiteElo "1963"]
[BlackElo "1472"]
[WhiteClock "00:14:48"]
[BlackClock "00:11:23"]
[PlyCount "77"]
[WhiteFideId "12981010"]
[BlackFideId "16211057"]
[EventCountry "GER"]
[EventRounds "9"]
[EventType "swiss"]
[EventDate "2016.05.14"]

1. d4 Nf6 2. c4 c5 3. Nf3 cxd4 4. Nxd4 g6 5. Nc3 Bg7 6. e4 d6 7. Be2 O-O 8. Be3
Nbd7 9. O-O Nc5 10. f3 Bd7 11. b4 Ne6 12. Qd2 Rc8 13. Rac1 a6 14. a4 Ne8 15. a5
N8c7 16. Nd5 Nxd4 17. Bxd4 Bxd4+ 18. Qxd4 Bc6 19. Nb6 Rb8 20. Rfd1 Na8 21. b5
Nxb6 22. axb6 Bd7 23. e5 Be6 24. exd6 exd6 25. Qxd6 axb5 26. Qxd8 Rfxd8 27.
cxb5 Kf8 28. Kf2 Ke7 29. Rc7+ Ke8 30. Ra1 Rd6 31. h4 Rxb6 32. h5 Kd8 33. Rc5
Rc8 34. Rd1+ Ke7 35. Re5 Rd6 36. Ra1 Rd5 37. Rxd5 Bxd5 38. hxg6 hxg6 39. Rb1
1/2-1/2

[Event "DEM U14 2016"]
[Site "Willingen GER"]
[Date "2016.05.16"]
[Round "3"]
[White "Yankelevich, Michael"]
[Black "Biastoch, Bennet"]
[Result "0-1"]
[Termination "normal"]
[Board "16"]
[WhiteElo "1960"]
[BlackElo "2105"]
[PlyCount "126"]
[WhiteFideId "12921440"]
[BlackFideId "12939889"]
[EventCountry "GER"]
[EventRounds "9"]
[EventType "swiss"]
[EventDate "2016.05.14"]

1. e4 c5 2. Ne2 Nf6 3. Nbc3 d6 4. g3 Nc6 5. Bg2 Bg4 6. O-O Qb6 7. Kh1 g6 8. f3
Bd7 9. d3 Bg7 10. Be3 Nd4 11. b4 Qc7 12. bxc5 dxc5 13. Rb1 h5 14. Bg5 Bc6 15.
Bh3 h4 16. g4 Ne6 17. Be3 Bh6 18. f4 g5 19. f5 Nf4 20. Nxf4 gxf4 21. Bf2 Bg7
22. Qe1 Nd7 23. Ne2 e5 24. Ng1 O-O-O 25. Nf3 Rh7 26. Ng5 Nf6 27. Nxh7 Nxh7 28.
Bxh4 Rh8 29. Kg2 Bf6 30. Qf2 Qd8 31. Bxf6 Qxf6 32. Kg1 Ng5 33. Bg2 f3 34. h4
fxg2 35. Kxg2 Nxe4 36. dxe4 Bxe4+ 37. Kg1 Rxh4 38. Qxc5+ Bc6 39. Kf2 Rxg4 40.
Ke2 Qh6 41. Rb3 Rg2+ 42. Rf2 Qh5+ 43. Ke1 Rg1+ 44. Rf1 Rxf1+ 45. Kxf1 Qxf5+ 46.
Ke1 Qe4+ 47. Kd2 Qd5+ 48. Qxd5 Bxd5 49. Ra3 a6 50. Ra5 Be6 51. Rxe5 Bxa2 52.
Ke3 Kd7 53. Kf4 Kd6 54. c3 Bd5 55. Re3 a5 56. Kg3 a4 57. Kf2 Bc4 58. Re1 a3 59.
Ke3 Kc5 60. Kd2 a2 61. Re5+ Bd5 62. Re1 Be4 63. Ra1 Bb1 0-1

[Event "DEM U14 2016"]
[Site "Willingen GER"]
[Date "2016.05.16"]
[Round "3"]
[White "Roth, Jakob"]
[Black "Suvorov, Alexander"]
[Result "0-1"]
[Termination "normal"]
[Board "17"]
[WhiteElo "1847"]
[BlackElo "2086"]
[PlyCount "78"]
[WhiteFideId "12952605"]
[BlackFideId "12977063"]
[EventCountry "GER"]
[EventRounds "9"]
[EventType "swiss"]
[EventDate "2016.05.14"]

1. d4 Nf6 2. c4 g6 3. Nc3 Bg7 4. e4 d6 5. Be2 O-O 6. Nf3 Nbd7 7. O-O e5 8. Be3
c6 9. d5 c5 10. Nd2 Ne8 11. a3 f5 12. f3 Bf6 13. b4 Bg5 14. Bf2 b6 15. Nb3 Bh4
16. g3 Bg5 17. bxc5 Nxc5 18. a4 fxe4 19. Nxc5 exf3 20. N5e4 fxe2 21. Qxe2 Be7
22. Be3 Nf6 23. Bh6 Re8 24. Nxf6+ Bxf6 25. Ne4 Bf5 26. Nxf6+ Qxf6 27. Qf2 Qe7
28. Ra3 Rac8 29. Rf3 Rxc4 30. Rxf5 gxf5 31. Qxf5 a6 32. Bg5 Qg7 33. Bf6 Qg6 34.
Qd7 Rc2 35. Bg5 Rcc8 36. h4 Rf8 37. Rf6 Rxf6 38. Qxc8+ Rf8 39. Qg4 h6 0-1

[Event "DEM U14 2016"]
[Site "Willingen GER"]
[Date "2016.05.16"]
[Round "3"]
[White "Lesny, Florian"]
[Black "Wong, Gengchun"]
[Result "0-1"]
[Termination "normal"]
[Board "18"]
[WhiteElo "1865"]
[BlackElo "2077"]
[PlyCount "68"]
[WhiteFideId "12973874"]
[BlackFideId "12963283"]
[EventCountry "GER"]
[EventRounds "9"]
[EventType "swiss"]
[EventDate "2016.05.14"]

1. e4 c5 2. Nf3 d6 3. d4 cxd4 4. Nxd4 Nf6 5. Nc3 a6 6. Be3 e6 7. f3 b5 8. Qd2
Nbd7 9. g4 Nb6 10. a4 Nc4 11. Bxc4 bxc4 12. g5 Nd7 13. f4 Qc7 14. f5 Ne5 15.
fxe6 fxe6 16. Bf4 Rb8 17. Rb1 Be7 18. O-O O-O 19. Bxe5 dxe5 20. Rxf8+ Bxf8 21.
Nf3 Bb7 22. g6 h6 23. Qg2 Bc5+ 24. Kh1 Bd4 25. Qg4 Qc6 26. Nd2 Rf8 27. Rd1 Rf4
28. Qe2 Qe8 29. Rf1 Qxg6 30. Qxc4 Bxc3 31. bxc3 Rxe4 32. Qc7 Rb4+ 33. Nf3 Bxf3+
34. Rxf3 Rb1+ 0-1

[Event "DEM U14 2016"]
[Site "Willingen GER"]
[Date "2016.05.16"]
[Round "3"]
[White "Engel, Robert"]
[Black "Röhr, Tobias"]
[Result "1-0"]
[Termination "normal"]
[Board "19"]
[WhiteElo "1757"]
[BlackElo "1898"]
[PlyCount "85"]
[WhiteFideId "12974684"]
[BlackFideId "12963089"]
[EventCountry "GER"]
[EventRounds "9"]
[EventType "swiss"]
[EventDate "2016.05.14"]

1. e4 c5 2. Nc3 e6 3. g3 Nc6 4. Bg2 Nf6 5. d3 Be7 6. f4 d6 7. Nf3 e5 8. O-O Nd4
9. Kh1 Bg4 10. h3 Nxf3 11. hxg4 Nd4 12. Ne2 h5 13. g5 Ng4 14. Nxd4 cxd4 15. c3
Qb6 16. Qa4+ Kf8 17. cxd4 h4 18. gxh4 Rxh4+ 19. Kg1 exd4 20. Qb3 Rc8 21. Bd2
Qxb3 22. axb3 Rc2 23. Be1 Rh2 24. Bf2 Bd8 25. Rxa7 b6 26. Raa1 Rxb2 27. b4
Rxg2+ 28. Kxg2 Ne3+ 29. Kf3 Nxf1 30. Rxf1 Rxb4 31. Rc1 b5 32. Rc8 Ke7 33. g6 f6
34. Bh4 Kd7 35. Ra8 Rb3 36. Ke2 Rb2+ 37. Kf3 Rh2 38. Ra7+ Bc7 39. Bxf6 Rh8 40.
Bxg7 Rh3+ 41. Ke2 Kc6 42. Bxd4 Rh2+ 43. Kf3 1-0

[Event "DEM U14 2016"]
[Site "Willingen GER"]
[Date "2016.05.16"]
[Round "3"]
[White "Pölt, Christoph"]
[Black "Lange, Jannis"]
[Result "1/2-1/2"]
[Termination "normal"]
[Board "20"]
[WhiteElo "1767"]
[BlackElo "1768"]
[PlyCount "79"]
[WhiteFideId "12960853"]
[BlackFideId "12993107"]
[EventCountry "GER"]
[EventRounds "9"]
[EventType "swiss"]
[EventDate "2016.05.14"]

1. d4 d5 2. c4 e6 3. Nf3 Nf6 4. g3 dxc4 5. Bg2 a6 6. O-O Nc6 7. e3 Bd7 8. Nbd2
b5 9. a4 Rb8 10. Ng5 Be7 11. axb5 axb5 12. Nge4 Nb4 13. Nxf6+ Bxf6 14. Ne4 Be7
15. b3 cxb3 16. Qxb3 O-O 17. Ba3 Nd5 18. Bxe7 Nxe7 19. Rfc1 c6 20. Rc5 Qc7 21.
Rac1 f5 22. Nd2 Rb6 23. Nf3 Ng6 24. Rxb5 Rxb5 25. Qxb5 Rb8 26. Qc4 Qa5 27. h4
Rb4 28. Qc3 Qb5 29. h5 Ne7 30. Ne5 Rb3 31. Qc4 Qxc4 32. Nxc4 Nd5 33. Ne5 Be8
34. Nxc6 Nc3 35. Re1 Bxh5 36. Ne5 Kf8 37. Bf3 Bxf3 38. Nxf3 Ke7 39. Kg2 Rb2 40.
Ne5 1/2-1/2

[Event "DEM U14 2016"]
[Site "Willingen GER"]
[Date "2016.05.16"]
[Round "3"]
[White "Gutschenreiter, Donato"]
[Black "Righi, Sofian"]
[Result "0-1"]
[Termination "normal"]
[Board "21"]
[WhiteElo "1870"]
[BlackElo "1734"]
[PlyCount "26"]
[WhiteFideId "12975540"]
[BlackFideId "12987581"]
[EventCountry "GER"]
[EventRounds "9"]
[EventType "swiss"]
[EventDate "2016.05.14"]

1. e4 c5 2. Nf3 d6 3. d4 cxd4 4. Nxd4 Nf6 5. Nc3 g6 6. Be3 Bg7 7. Bc4 O-O 8. f3
Nc6 9. Qd2 Bd7 10. O-O-O Qa5 11. Kb1 Rfc8 12. g4 Nxd4 13. g5 Rxc4 0-1

[Event "DEM U14 2016"]
[Site "Willingen GER"]
[Date "2016.05.16"]
[Round "3"]
[White "Pysarenko, Kyrill"]
[Black "Biermann, Lenhard"]
[Result "1-0"]
[Termination "normal"]
[Board "22"]
[WhiteElo "1718"]
[BlackElo "1711"]
[PlyCount "81"]
[WhiteFideId "12974250"]
[BlackFideId "12970077"]
[EventCountry "GER"]
[EventRounds "9"]
[EventType "swiss"]
[EventDate "2016.05.14"]

1. e4 e6 2. d4 d5 3. Nd2 Nf6 4. e5 Nfd7 5. Bd3 c5 6. c3 Nc6 7. Ndf3 cxd4 8.
cxd4 f6 9. exf6 Nxf6 10. Ne2 Bd6 11. O-O Qc7 12. Ng3 O-O 13. Bd2 Bd7 14. Rc1
Rae8 15. Re1 Qb8 16. Bc3 Bf4 17. Rc2 Ng4 18. Rce2 e5 19. dxe5 Ngxe5 20. Nxe5
Bxe5 21. Bxe5 Nxe5 22. Bb5 Bc6 23. Bxc6 bxc6 24. Qd4 Nd7 25. Nh5 Nf6 26. Nxf6+
gxf6 27. Qg4+ Kh8 28. Re7 Rxe7 29. Rxe7 Rg8 30. Qh4 Rg7 31. Qxf6 Qg8 32. Rxa7
c5 33. Qxg7+ Qxg7 34. Ra8+ Qg8 35. Rxg8+ Kxg8 36. Kf1 d4 37. Ke2 Kf7 38. a4 Ke6
39. Kd3 Kd5 40. b3 Kc6 41. f4 1-0